书目信息 |
| 题名: |
低频放大器
|
|
| 作者: | ;邮电院校低频放大器教材选组 编 | |
| 分册: | ||
| 出版信息: | 北京 人民邮电出版社 1962 |
|
| 页数: | 370页 | |
| 开本: | 20cm | |
| 丛书名: | ||
| 单 册: | ||
| 中图分类: | TN722.1 | |
| 科图分类: | ||
| 主题词: | 放大技术 , 放大器 | |
| 电子资源: | ||
| ISBN: | ||
| 000 | 00720nam0 2200229 450 | |
| 001 | 0631110234 | |
| 005 | 20060512084217.75 | |
| 010 | @dCNY1.20 | |
| 100 | @a20060512d1962 km y0chiy0120 ea | |
| 101 | 0 | @achi |
| 102 | @aCN@b110000 | |
| 102 | @aCN@b110000 | |
| 200 | 1 | @a低频放大器@Adi pin fang da qi@f邮电院校低频放大器教材选组编@Fyou dian yuan xiao di pin fang da qi jiao cai xuan zu bian |
| 210 | @a北京@c人民邮电出版社@d1962 | |
| 215 | @a370页@d20cm | |
| 300 | @a中等专业学校教学用书 | |
| 606 | 0 | @a放大技术 |
| 606 | 0 | @a放大器 |
| 690 | @aTN722.1@v3 | |
| 711 | 0 | @a邮电院校低频放大器教材选组@Ayou dian yuan xiao di pin fang da qi jiao cai xuan zu@4编 |
| 801 | 0 | @aCN@bPFT@c20060512 |
| 905 | @a10447@dTN722.1@e19 | |
| 低频放大器/邮电院校低频放大器教材选组编.-北京:人民邮电出版社,1962 |
| 370页;20cm |
| 中等专业学校教学用书 |
| ISBN :CNY1.20 |
| ● |
| 相关链接 |
|
|
|
|
正题名:低频放大器
索取号:TN722.1/19
 
预约/预借
| 序号 | 登录号 | 条形码 | 馆藏地/架位号 | 状态 | 备注 |
| 1 | 0016619 | 202346719 | 密集书库/ [索取号:TN722.1/19] | 在馆 |